Cómo aumentar el rendimiento personal (Record no. 134639)

MARC details
000 -LEADER
campo de control de longitud fija 00672nam a22002171 4500
001 - NÚMERO DE CONTROL
campo de control 134639
003 - IDENTIFICADOR DE NÚMERO DE CONTROL
campo de control ES-MaACL
005 - FECHA Y HORA DE LA ÚLTIMA TRANSACCIÓN
campo de control 20230906194720.0
007 - CAMPO FIJO DE DESCRIPCIÓN FÍSICA--INFORMACIÓN GENERAL
campo de control de longitud fija t|
008 - DATOS DE LONGITUD FIJA--INFORMACIÓN GENERAL
campo de control de longitud fija 070912s1971 sp ||||0| spa d
016 7# - NÚMERO DE CONTROL DE UNA AGENCIA BIBLIOGRÁFICA NACIONAL
Número de control cancelado/no válido IND2000944772
040 ## - FUENTE DE CATALOGACIÓN
Centro catalogador/agencia de origen M-BN
Lengua de catalogación spa
Centro/agencia transcriptor CDM
080 ## - NÚMERO DE LA CLASIFICACIÓN DECIMAL UNIVERSAL
Número de la Clasificación Decimal Universal 17.024.4
100 1# - ENTRADA PRINCIPAL--NOMBRE DE PERSONA
Nombre de persona Wiedemann, Fritz.
9 (RLIN) 116757
245 10 - MENCIÓN DEL TÍTULO
Título Cómo aumentar el rendimiento personal
Resto del título : ideas nuevas para personas de mucha actividad /
Mención de responsabilidad, etc. [traducción de Carmen Penella de Silva].
260 ## - PUBLICACIÓN, DISTRIBUCIÓN, ETC.
Lugar de publicación, distribución, etc. [Salamanca] :
Nombre del editor, distribuidor, etc. Anaya,
Fecha de publicación, distribución, etc. [1971]
300 ## - DESCRIPCIÓN FÍSICA
Extensión 247 p. ;
Dimensiones 18 cm.
650 #4 - PUNTO DE ACCESO ADICIONAL DE MATERIA--TÉRMINO DE MATERIA
Término de materia o nombre geográfico como elemento de entrada Éxito.
9 (RLIN) 12681
700 1# - ENTRADA AGREGADA--NOMBRE PERSONAL
Nombre de persona Penella, Carmen.
9 (RLIN) 90164
852 ## - LOCALIZACIÓN
Ubicación ES-MaACL
Número de control de estantería C-44286
Sublocalización o colección R.76358
Holdings
Estatus retirado Estado de pérdida Estado de daño No para préstamo Biblioteca de origen Biblioteca actual Ubicación en estantería Fecha de adquisición Fuente de adquisición Total de préstamos Signatura topográfica completa Código de barras Visto por última vez Precio de reemplazo Tipo de ítem Koha
        Biblioteca del Ateneo de Madrid Biblioteca del Ateneo de Madrid Depósito 2 17/01/2008     C-44286 1140142 23/02/2023 23/02/2023 Libro impreso